00611 2200229 4500001002100000005001700021008004100038035002400079082001000103090001500113245006600128250001100194260002800205300002500233500002700258650002600285700002100311850001500332980001300347985000600360999001500366YOGYA-0209000001190920090227022157.0 ind  0010-020900000011909 a370.1 a370.1bMen aMENYIAPKAN dan memandu kariercdisunting oleh Kartono Kartini aCet. 1 aJakartabRajawalic1985 aviii, 106 hlmc20 cm aBibliografi : hlm. 106 aPendidikan - Filsafat aKartini, Kartono aYOPDYOG(B) a05-10-25 a1 a93P0037909